Statistiken für Deutsche Städte Suffix-Quiz

Klicken Sie hier um das Quiz zu spielen!

Allgemein

  • Dieses Quiz wurde 13.026 mal gespielt
  • Das Durchschnittsergebnis liegt bei 20 aus 50

Antwortstatistiken

SuffixDeutsche Stadt% Korrekt
-furtFrankfurt
91%
-furtFrankfurt
91%
-burgHamburg
88%
-dorfDüsseldorf
81%
-havenBremerhaven
79%
-inBerlin
70%
-hafenLudwigshafen
67%
-bergNürnberg
66%
-sundStralsund
62%
-kirchenGelsenkirchen
60%
-heimMannheim
56%
-hausenOberhausen
56%
-burgAugsburg
52%
-feldBielefeld
51%
-burgFreiburg
51%
-bergHeidelberg
51%
-furtErfurt
49%
-itzChemnitz
46%
-havenCuxhaven
46%
-talWuppertal
45%
-burgMagdeburg
41%
-stadtDarmstadt
39%
-hafenFriedrichshafen
39%
-bachOffenbach
39%
-havenWilhelmshaven
39%
-burgDuisburg
38%
-burgRegensburg
37%
-stadtIngolstadt
34%
-inSchwerin
34%
-furtSchweinfurt
32%
-feldKrefeld
31%
-bergBamberg
30%
-ingenSolingen
30%
-waldGreifswald
29%
-bachMönchengladbach
28%
-burgOldenburg
27%
-arWeimar
22%
-hausenRecklinghausen
21%
-itzGörlitz
20%
-auHanau
20%
-ingenGöttingen
19%
-auPassau
19%
-auZwickau
16%
-heimPforzheim
15%
-arGoslar
14%
-heimMülheim
14%
-kirchenEuskirchen
13%
-arWismar
11%
-arWetzlar
10%
-auDessau-Roßlau
6%

Verteilung der Resultate

Perzentil nach korrekt beantworteten Fragen

Anzahl Personen mit jedem Resultat

Ihre Resultats-Entwicklung

Sie haben dieses Quiz noch nicht gespielt